Visions of Agapé: problems and possibilities in human and divine love

Saved in:  
Bibliographic Details
Contributors: Boyd, Craig A. 1963- (Other)
Format: Print Book
Language:English
Subito Delivery Service: Order now.
Check availability: HBZ Gateway
WorldCat: WorldCat
Interlibrary Loan:Interlibrary Loan for the Fachinformationsdienste (Specialized Information Services in Germany)
Published: Aldershot [u.a.] Ashgate 2008
In:Year: 2008
Volumes / Articles:Show volumes/articles.
Standardized Subjects / Keyword chains:B Agape
Further subjects:B Collection of essays
B Love Philosophy
B Agape
B Love Religious aspects
Online Access: Table of Contents
Blurb (Publisher)

MARC

LEADER 00000cam a2200000 c 4500
001 547305605
003 DE-627
005 20251223214014.0
007 tu
008 071024s2008 xxk||||| 00| ||eng c
010 |a  2007042392 
020 |a 9780754658184  |c hardcover : alk. paper  |9 978-0-7546-5818-4 
035 |a (DE-627)547305605 
035 |a (DE-576)281582475 
035 |a (DE-599)GBV547305605 
035 |a (OCoLC)611449044 
035 |a (OCoLC)175289919 
040 |a DE-627  |b ger  |c DE-627  |e rakwb 
041 |a eng 
044 |c XA-GB  |c XD-US 
050 0 |a BV4639 
082 0 |a 231/.6  |q LOC  |2 22 
082 0 |a 231.6  |q OCLC 
084 |a 1  |2 ssgn 
084 |a BK 6500  |2 rvk  |0 (DE-625)rvk/11940: 
084 |a CC 7000  |2 rvk  |0 (DE-625)rvk/17670: 
090 |a a 
245 0 0 |a Visions of Agapé  |b problems and possibilities in human and divine love  |c ed. by Craig A. Boyd 
263 |a 0809 
264 1 |a Aldershot [u.a.]  |b Ashgate  |c 2008 
300 |a IX, 151 S  |c 24 cm 
336 |a Text  |b txt  |2 rdacontent 
337 |a ohne Hilfsmittel zu benutzen  |b n  |2 rdamedia 
338 |a Band  |b nc  |2 rdacarrier 
583 1 |a Archivierung/Langzeitarchivierung gewährleistet  |f SSG  |x XA-DE-BW  |2 pdager  |5 DE-21 
601 |a Problem 
650 0 |a Love  |x Religious aspects 
650 0 |a Love  |x Philosophy 
650 0 |a Love  |x Religious aspects 
650 0 |a Love  |x Philosophy 
650 0 |a Agape 
655 7 |a Aufsatzsammlung  |0 (DE-588)4143413-4  |0 (DE-627)105605727  |0 (DE-576)209726091  |2 gnd-content 
689 0 0 |d s  |0 (DE-588)4137507-5  |0 (DE-627)10564952X  |0 (DE-576)209678194  |2 gnd  |a Agape 
689 0 |5 (DE-627) 
700 1 |0 (DE-588)1147178585  |0 (DE-627)1008538426  |0 (DE-576)421109181  |4 oth  |a Boyd, Craig A.  |d 1963- 
856 4 2 |u https://swbplus.bsz-bw.de/bsz281582475inh.htm  |m B:DE-576;DE-21  |q application/pdf  |v 20101028152301  |x Verlag  |3 Inhaltsverzeichnis  |7 1 
856 4 2 |u https://swbplus.bsz-bw.de/bsz281582475kla.htm  |m B:DE-576;DE-21  |q application/pdf  |v 20101028152302  |x Verlag  |3 Klappentext  |7 1 
935 |a mteo 
935 |i sf 
935 |i Blocktest 
936 r v |a BK 6500  |b Geschlechtliche Liebe (Sexus, Eros, Philia, Agape)  |k Theologie und Religionswissenschaften  |k Theologische Ethik/Moraltheologie  |k Spezielle Moraltheologie/Spezielle Ethik  |k Verantwortung für Ehe und Geschlechtsleben  |k Geschlechtliche Liebe (Sexus, Eros, Philia, Agape)  |0 (DE-627)1270725580  |0 (DE-625)rvk/11940:  |0 (DE-576)200725580 
936 r v |a CC 7000  |b Geschichte der Ethik  |k Philosophie  |k Systematische Philosophie  |k Ethik  |k Geschichte der Ethik  |0 (DE-627)1270639056  |0 (DE-625)rvk/17670:  |0 (DE-576)200639056 
951 |a BO 
ACO |a 1 
ELC |b 1 
ITA |a 1  |t 1 
LOK |0 000 xxxxxcx a22 zn 4500 
LOK |0 001 3175437540 
LOK |0 003 DE-627 
LOK |0 004 547305605 
LOK |0 005 20101025101941 
LOK |0 008 100924||||||||||||||||ger||||||| 
LOK |0 040   |a DE-21  |c DE-627  |d DE-21 
LOK |0 852   |a DE-21 
LOK |0 852 1  |c 50 A 9957  |9 00 
LOK |0 935   |a theo 
LOK |0 936ln  |a t5.2 
LOK |0 938   |a 1010  |f 2 
LOK |0 939   |a 24-09-10  |b l01 
ORI |a SA-MARC-ixtheoa001.raw 
SPR |a 1  |t IXT 
STA 0 0 |a Agape 
STB 0 0 |a Agapes 
STC 0 0 |a Ágape 
STD 0 0 |a Agape 
STE 0 0 |a 爱,神圣的爱,爱德 
STF 0 0 |a 愛,神聖的愛,愛德 
STG 0 0 |a Ágape 
STH 0 0 |a Агапэ (греческий яз.) 
STI 0 0 |a Αγάπη